000 00679nam a22002297a 4500
003 UA-OsUOA
001 89482
007 ta
008 20121107b un ||||| |||| 00| 0 ukr d
100 _aЗагребельний П.
090 _a821.161.2
_bЗ-14
942 _cBK
040 _aUA-OsUOA
_bukr
_cUA-OsUOA
_dUA-OsUOA
245 _aЗ погляду вічності
_bТри романи про Дмитра Череду
300 _a246 с.
955 _a3
041 _aukr
080 _a821.161.2
260 _aК.
_bРадянський письменник
_c1970
650 7 _a82 Література. Літературознавство
_2UDC
999 _c375764
_d375764